00390nam a2200121 a 45000010005000000030005000050050017000100080041000270400026000682450092000942600050001866500032002365358CDMR20150720122950.0130130s1994||||||||||||||||||||||||||||d aCDMRbcatcCPC GIRONA 0aNosaltres de segur que no hauríem escollit la guerrab: dibuixos de nenes de Sarajevo c1994bMuseu del Joguet de CatalunyaaFigueres04aGuerra Iugoslava, 1991-1995